Sports Quiz

Random Sports or Rugby Quiz

Beaten Georgia at Rugby Union Quiz Stats

 Plays Quiz not verified by Sporcle

Score 0/24 Timer 05:00
0 Plays Today
% Correct
France
95.3%
England
93.9%
Ireland
93%
Argentina
91.8%
Italy
90.6%
Scotland
87.7%
Japan
86.8%
South Africa
86.5%
Fiji
85.4%
USA
83.3%
Samoa
82.5%
Canada
79.2%
% Correct
Tonga
75.7%
Romania
71.9%
Russia
69.6%
Spain
63.7%
Uruguay
63.2%
Namibia
61.7%
Portugal
54.7%
Netherlands
54.4%
Zimbabwe
41.8%
Poland
28.7%
Chile
27.2%
Morocco
21.1%

You're not logged in!

Compare scores with friends on all Sporcle quizzes.
OR
Log In

Show Comments

Extras

Top Quizzes Today


Score Distribution

Your Account Isn't Verified!

In order to create a playlist on Sporcle, you need to verify the email address you used during registration. Go to your Sporcle Settings to finish the process.

Report this User

Report this user for behavior that violates our Community Guidelines.

Details: